000 00771nam a2200253Ia 4500
003 OSt
005 20220918190733.0
006 a|||||r|||| 00| 0
007 ta
008 220917b |||||||| |||| 00| 0 eng d
024 _a59,244
037 _cTextual
040 _aARTS
_cARTS
_beng
041 _2eng
_aeng
082 _aQ1:4192, K8
100 _aVanbuitenan J A B
_973678
245 0 _aPravargya
_b an ancient Indian inconic ritual described and annotated
260 _aPoona
_bDeccan College postgraduate and Research Institute
_c1968
300 _a159p.
_ccm.
490 _aDeccan college bulding centenary silver Jubilee Series; 58
650 _aRELIGION
942 _hQ1:4192, K8
_cTEXL
_2CC
999 _c186617
_d186617